| 000 | 00346nam a22001217a 4500 | ||
|---|---|---|---|
| 999 |
_c2386 _d2386 |
||
| 005 | 20200914142730.0 | ||
| 008 | 200914b ||||| |||| 00| 0 eng d | ||
| 020 | _a86893 | ||
| 040 | _cCML | ||
| 245 |
_aSouth Africa. _cCole, M.M. |
||
| 260 |
_aGreat Britain _bButler and Tanner Ltd _c1961 |
||
| 942 |
_2ddc _cBK _e1st Edition _h916 _mCOL |
||